| 000 | 00491nam a22001937a 4500 | ||
|---|---|---|---|
| 001 | 3049 | ||
| 003 | BD-DhBUF | ||
| 005 | 20260510125235.0 | ||
| 008 | 260510b bg ||||| |||| 00| 0 ben d | ||
| 020 | _a9780007272617 | ||
| 040 |
_aBD-DhBUF _cBD-DhBUF |
||
| 100 |
_aLowndes, Leil _94382 |
||
| 245 |
_aHow to talk anyone / _cLeil Lowndes |
||
| 260 |
_aLondon : _bAn Imprint of HarperCollins, _c2014. |
||
| 300 |
_a334p. : _c21cm. ; |
||
| 526 | _aBBA | ||
| 650 | _aManagement | ||
| 942 |
_2ddc _cBK |
||
| 999 |
_c3049 _d3049 |
||